000 00654nam a22001937a 4500
999 _c158045
_d158045
005 20181014123238.0
010 _aENG-124273
020 _a9789386021045
_c799.00
035 _aEN-107805
037 _bDBAD/PUB.
082 _a305.80095422
100 _aChakravarti, Sudeep
245 _aThe bengalis:
_cby Sudeep Chakravarti
_ba portrait of a community /
260 _aNew Delhi
_bAleph Book Company
_c2017
270 _a7/16, Ansari Road, Daryaganj
_bNew Delhi
_e110002
300 v _axxxv,457p.
_c22cm(Hb.)
500 _aIt includes Epilogue, acknowledgements, select bibliography and index
942 _2ddc
_cEN
_mCHA
_h305.80095452